[Event "Szczawno Festival IM 2018"]
[Site "Szczawno"]
[Date "2018.12.14"]
[Round "1"]
[White "Simantsev, Mikhail"]
[Black "Tejaswini, Sagar"]
[Result "1-0"]
[WhiteElo "2404"]
[BlackElo "2177"]
[Annotator "TA"]
[PlyCount "93"]
[EventDate "2018.12.14"]
[EventType "tourn"]
[EventCountry "POL"]
[SourceTitle "playchess.com"]
[Source "ChessBase"]
[SourceQuality "1"]

{[%evp 21,93,81,77,75,89,54,54,52,47,48,54,54,55,46,96,95,88,88,109,91,103,97,93,100,96,96,102,97,109,76,198,183,195,177,324,303,347,229,471,442,456,451,1595,1553,1400,1397,930,376,386,385,373,380,339,290,587,552,574,476,470,455,446,412,413,413,623,620,724,724,724,723,918,895,5306,3025]} 1. d4 Nf6 2. c4 g6 3. Nc3 Bg7 4. e4 d6 5. h3 O-O 6. Nf3 Na6 7. Be3 e5 8. d5 b6 {E90: King's Indian: Classical: Early deviations and 6 h3} (8... Nc5 9. Nd2 a5 10. g4 c6 11. Be2 a4 12. g5 Nfd7 13. h4 Qa5 14. a3 f5 15. f3 cxd5 16. cxd5 b5 17. Bxb5 Ba6 18. Bxa6 Qxa6 19. Qe2 {½-½ (35) Bosiocic,M (2611)-Jones,G (2651) Batumi 2018}) 9. g4 Nc5 10. Nd2 a5 11. Be2 Ne8 {LiveBook: 6 Games} 12. h4 f5 13. gxf5 gxf5 14. Qc2 f4 15. Bxc5 $1 bxc5 16. O-O-O Kh8 $146 ({Predecessor:} 16... Nf6) 17. Rdg1 Bf6 18. Bg4 Bxg4 19. Rxg4 Rg8 20. Rxg8+ Kxg8 21. Qd1 Qd7 22. Qh5 Kh8 23. Nf3 Bg7 24. Ng5 {[%csl Gg5][%cal Rh5h7] [#]} Nf6 25. Qf3 c6 (25... Rg8 $16 {might work better.}) 26. dxc6 $18 Qxc6 27. Rd1 Kg8 (27... Rf8 $142 28. Qh3 h6) 28. Qh3 {Intending Qe6+ and mate.} Re8 {Black hopes to continue with ...h6.} 29. Qf5 h6 $2 (29... Qc8 {was worth a try.} 30. Rxd6 Qxf5 31. exf5 e4) 30. Ne6 Qd7 31. Nxg7 Kxg7 (31... Qxg7 $142 32. Rxd6 Rf8 33. Qxe5 Kh7 34. Qf5+ Kh8 35. Qxc5 Ng4) 32. Rg1+ Kf7 33. Qg6+ {[%mdl 64] [#] Double Attack} Ke7 34. Qg7+ (34. Qxh6 $142 Qe6 35. Rg6 Qxc4 36. Rg7+ Qf7 37. Nd5+ Nxd5 38. Rxf7+ Kxf7 39. exd5) 34... Ke6 35. Qxh6 {Nd5 would kill now.} Qh7 36. Qxh7 Nxh7 {[%mdl 4096] Endgame KRN-KRN} 37. Rg6+ Kd7 $2 (37... Kf7 38. Rxd6 Nf6) 38. Nd5 Rh8 39. Rg7+ Kd8 40. Ra7 {Black must now prevent Ra8+.} Nf8 41. h5 Kc8 42. Ra8+ Kd7 (42... Kb7 $142) 43. Rxa5 {White is clearly winning.} Rh6 {If Black can now play ...Ne6 this consolidates a bit.} 44. Ra7+ Ke8 45. a4 {[%cal Ba2a4,Ba4a5][%mdl 32]} Nd7 46. Kd2 Nf8 47. a5 {Accuracy: White = 87%, Black = 38%.} 1-0

[Event "Szczawno Festival IM 2018"]
[Site "Szczawno"]
[Date "2018.12.14"]
[Round "1"]
[White "Pacan-Milej, Kosma"]
[Black "Krzywda, Andrzej"]
[Result "0-1"]
[WhiteElo "2334"]
[BlackElo "2178"]
[Annotator "TA"]
[PlyCount "92"]
[EventDate "2018.12.14"]
[EventType "tourn"]
[EventCountry "POL"]
[SourceTitle "playchess.com"]
[Source "ChessBase"]
[SourceQuality "1"]

{[%evp 11,92,8,3,6,7,-15,-14,-49,0,0,4,-20,-10,-26,-4,-7,12,0,0,0,0,0,18,19,27,28,57,58,85,42,73,74,72,16,15,13,0,-76,-71,-70,-62,-62,-77,-83,-81,-76,-51,-114,-105,-129,-100,-209,-207,-198,-203,-231,-223,-225,-231,-220,-218,-229,-225,-230,-165,-264,-254,-330,-208,-220,-216,-203,-208,-223,-204,-283,-256,-819,-739,-1412,-1155,-6052,-6045]} 1. e4 c6 2. d4 d5 3. exd5 cxd5 4. Nf3 Nf6 5. Ne5 g6 (5... Nc6 6. Bb5 Bd7 7. Nxd7 Qxd7 8. c3 e6 9. O-O Bd6 10. Nd2 O-O 11. Re1 a6 12. Bd3 e5 13. dxe5 Nxe5 {1-0 (52) Kramnik,V (2787)-Caruana,F (2811) Wijk aan Zee 2018}) 6. Bb5+ {B13: Caro-Kann: Exchange Variation and Panov-Botvinnik Attack} Nbd7 {[%cal Bb8d7,Bd7e5,Be5g4][%mdl 32] LiveBook: 31 Games} 7. Nc3 Bg7 8. Bf4 {The position is equal.} O-O 9. Qd2 $146 ({Predecessor:} 9. Qe2 Nb6 10. O-O a6 11. Bd3 Ne8 12. Rfe1 Nd6 13. a4 Be6 14. b3 Rc8 {0-1 (42) Maeckelbergh,A (2006)-Mira,H (2158) Mallorca 2004}) 9... Ne4 10. Nxe4 Nxe5 11. Ng3 Ng4 12. h3 e5 13. dxe5 Nxf2 14. Qxf2 Qa5+ {[%mdl 64] Double Attack} 15. Qd2 Qxb5 16. O-O-O Qa4 (16... Be6 {keeps more tension.} 17. Ne2 Qc4 18. Kb1 Bf5 19. Nc3 Rac8) 17. Kb1 Be6 18. Ne2 Rfc8 19. Nd4 Rc5 20. Rhe1 Ra5 21. a3 Bf8 22. Qe3 (22. Re3 $16) 22... Bc5 $11 23. Bh6 Rc8 {...Bxd4 is the strong threat.} 24. Qf3 (24. Re2 $11 {keeps the balance.}) 24... Bxd4 $17 {[#]} 25. Rxd4 $1 {[%mdl 512]} Qxc2+ ({Inferior is} 25... Qxd4 26. Qf6 Qxb2+ 27. Kxb2 Rxc2+ 28. Kxc2 Rc5+ 29. Kd2 Rc2+ 30. Kxc2 Bf5+ 31. Kd2 Be6 32. Qg7#) 26. Ka1 Rb5 $40 {[%csl Gb5][%cal Rc2b2][%mdl 128] Black wants a kill.} 27. Rd2 Qf5 28. Qd1 g5 {[%cal Bg6g5,Bg5h4][%mdl 32] And now ...Qg6 would win.} 29. h4 (29. Qf3 $15) 29... gxh4 30. Be3 Qg4 31. Rd4 {[#]} (31. Qxg4+ $17 Bxg4 32. Bd4) 31... Qxd1+ $1 $19 ({Not} 31... Qxg2 $2 32. Rg1 $18) 32. Rexd1 Rb3 33. Bc1 Rg3 {Hoping for ...Bg4.} 34. Rxh4 Rxg2 35. Be3 Rcc2 36. Bd4 a6 {[%cal Ba7a6,Ba6b5,Bb5b4][%mdl 32]} 37. Bc3 Rcf2 38. Rb4 (38. Rdh1 $142) 38... b5 39. a4 Rg4 40. axb5 Rxb4 41. Bxb4 axb5 {KRB-KRB} 42. Rg1+ Kh8 43. Bc5 Rf4 {White must now prevent ...Ra4+.} 44. Ka2 $2 (44. Rg5) 44... Ra4+ {Black is clearly winning.} 45. Ba3 d4+ 46. b3 b4 {Accuracy: White = 26%, Black = 69%.} 0-1

[Event "Szczawno Festival IM 2018"]
[Site "Szczawno"]
[Date "2018.12.14"]
[Round "1"]
[White "Chylewski, Patryk"]
[Black "Karpus, Michal"]
[Result "1-0"]
[WhiteElo "2268"]
[BlackElo "2355"]
[Annotator "TA"]
[PlyCount "89"]
[EventDate "2018.12.14"]
[EventType "tourn"]
[EventCountry "POL"]
[SourceTitle "playchess.com"]
[Source "ChessBase"]
[SourceQuality "1"]

{[%evp 16,89,10,0,0,-33,-36,-30,-31,-29,-25,-25,-33,-24,-29,-54,-41,-69,-69,-84,-83,-79,-27,-92,-98,-112,-105,-113,-54,-59,-66,-91,-73,-129,-105,-117,-104,-116,-100,-193,-81,-75,-3,-6,0,-37,-29,-88,-94,-71,-102,-82,0,0,289,283,284,288,331,9,444,442,437,437,430,429,429,413,472,468,452,380,418,427,431,410]} 1. e4 e5 2. Nf3 Nc6 3. Bb5 a6 4. Ba4 Nf6 5. O-O Be7 6. Bxc6 dxc6 7. d3 Nd7 8. Nbd2 f6 9. b3 {LiveBook: 6 Games. C85: Closed Ruy Lopez: Deferred Exchange Variation} (9. Nh4 g6 10. Nc4 Nc5 11. Be3 Ne6 12. a4 O-O 13. Nf3 c5 14. a5 Rf7 15. Nfd2 Bf8 16. Kh1 b5 17. axb6 cxb6 {½-½ (74) Perez Ponsa,F (2577)-Dominguez Perez,L (2739) chess.com INT 2017}) 9... Nc5 10. Bb2 Bg4 11. Re1 {Black is slightly better.} Ne6 12. h3 Bh5 13. Nf1 Ng5 14. N1h2 Bc5 $146 ({Predecessor:} 14... Qd7 15. d4 exd4 16. Qxd4 Nxf3+ 17. Nxf3 Bxf3 18. Qxd7+ Kxd7 19. gxf3 {0-1 (45) Almer,J (1848)-Gokhale,A (2198) Gibraltar 2006}) 15. Qe2 Qe7 16. Rad1 O-O-O 17. c3 Rd7 18. Bc1 Rhd8 (18... Ne6 $17) 19. Be3 (19. Bxg5 $1 $11 fxg5 20. Ng4) 19... Ne6 $17 20. b4 Bxe3 21. Qxe3 Kb8 (21... c5 $17 22. a3 Kb8) 22. Rd2 $15 g5 23. g3 Bg6 24. Ng4 (24. a3 $142) 24... Qg7 25. Qe2 h5 26. Ne3 Qh7 27. Ng2 (27. a4 $17) 27... Rg7 (27... c5 $19 {is more deadly.} 28. a3 g4 29. hxg4 hxg4) 28. h4 $17 Bf7 (28... g4 $17 29. Nh2 c5) 29. Red1 $11 Rdg8 30. d4 gxh4 31. Nfxh4 (31. Ngxh4 $11 Rg4 32. dxe5 Rxe4 33. Qd3) 31... exd4 $17 32. cxd4 Rg4 33. d5 cxd5 ({Black should try} 33... Rxe4 $17 34. dxe6 Rxe2 35. Rxe2 Be8) 34. exd5 $11 Nf4 $2 {[%mdl 8192]} (34... Ng5 $11) 35. Nxf4 $18 Rxf4 36. d6 {[#] White wants to mate with dxc7+.} cxd6 {aiming for ...Bc4.} 37. Rxd6 $2 (37. Qe7 $18 Rxh4 38. Qxd6+ Ka8 39. Qc5) 37... Bc4 $2 {[%mdl 8192]} (37... Qe4 $11 {and Black is okay.} 38. Qxe4 Rxe4) 38. Rd8+ Rxd8 39. Rxd8+ Kc7 {[#]} 40. Qd2 $1 {[%csl Gd8][%cal Rd2d6]} ({Less strong is} 40. Qd1 Qe7 $14) 40... Qb1+ 41. Kh2 {[%csl Gd8][%cal Rd2d6]} Rxf2+ 42. Qxf2 Kxd8 43. Qd4+ Ke8 44. Qxc4 Qb2+ 45. Ng2 {Accuracy: White = 39%, Black = 49%.} 1-0

[Event "Szczawno Festival IM 2018"]
[Site "Szczawno"]
[Date "2018.12.14"]
[Round "1"]
[White "Fus, Jakub"]
[Black "Sliwicka, Alicja"]
[Result "1-0"]
[WhiteElo "2265"]
[BlackElo "2236"]
[Annotator "TA"]
[PlyCount "85"]
[EventDate "2018.12.14"]
[EventType "tourn"]
[EventCountry "POL"]
[SourceTitle "playchess.com"]
[Source "ChessBase"]
[SourceQuality "1"]

{[%evp 20,85,47,38,68,62,68,72,89,78,127,105,112,116,187,192,189,170,256,238,240,273,336,287,497,487,471,447,452,422,432,430,471,477,458,441,450,424,673,650,778,712,758,663,918,904,860,745,966,1040,1007,989,1004,950,1127,1148,1384,1304,1587,1477,29984,29985,29985,29986,29986,29987,29991,29992]} 1. d4 Nf6 2. c4 d6 3. Nc3 Nbd7 4. e4 e5 5. Nf3 g6 6. Be2 Bg7 7. O-O O-O 8. d5 Nc5 9. Bg5 a5 10. Nd2 h6 11. Be3 {LiveBook: 7 Games. E94: King's Indian: Classical: 6 Be2 e5 7 0-0: Various Black 7th moves} Nh7 12. a3 f5 13. f3 {White is slightly better.} (13. b4 axb4 14. axb4 Rxa1 15. Qxa1 Na6 16. Qa3 f4 17. Ba7 g5 18. c5 g4 {0-1 (40) Dominguez Perez,L (2732)-Mamedov,R (2650) Huaian 2016}) 13... f4 {[#]} 14. Bf2 $1 Nd7 $146 ({Predecessor:} 14... b6 15. b4 Nd7 16. Na4 axb4 17. axb4 g5 18. c5 bxc5 19. bxc5 {1-0 (30) Korchmar,V (2244)-Bargandzhiya,Z (2066) Voronezh 2011}) 15. Rc1 g5 16. b4 h5 (16... b6 $16 {was necessary.}) 17. c5 $18 axb4 18. axb4 {[%cal Ba3b4,Bb4c5][%mdl 32]} dxc5 (18... Ndf6 $142 19. Nc4 g4 20. cxd6 cxd6) 19. bxc5 Ndf6 20. Nc4 Qe8 21. Qb3 Kh8 $2 (21... g4 22. Nb5 gxf3) 22. Nb5 Qe7 23. Qb2 Ne8 24. d6 Qe6 25. dxc7 Bd7 26. Nb6 Ra2 {[#]} 27. Qxa2 $1 {[%mdl 512]} Qxa2 28. Bc4 Qa5 ({Of course not} 28... Qd2 29. Rfd1) (28... Bxb5 $142 29. Bxa2 Nxc7) 29. Ra1 Qb4 {Black hopes to continue with ...Nxc7.} 30. Rfb1 Qd2 31. Rd1 Qb2 32. Rab1 Qc2 33. Rbc1 Qb2 34. Nxd7 {[%mdl 64] Trapped Piece} Nxc7 35. Nxf8 Nxf8 36. Nxc7 g4 37. Ne6 Nxe6 38. Bxe6 Bf6 39. fxg4 h4 40. Ra1 {White mates.} Kg7 41. Rd7+ Kh6 42. Re1 f3 43. Bf5 {Accuracy: White = 98%, Black = 22%.} 1-0

[Event "Szczawno Festival IM 2018"]
[Site "Szczawno"]
[Date "2018.12.15"]
[Round "2"]
[White "Gritsak, Orest"]
[Black "Delorme, Axel"]
[Result "1/2-1/2"]
[WhiteElo "2467"]
[BlackElo "2510"]
[Annotator "ChessBase"]
[PlyCount "23"]
[EventDate "2018.12.14"]
[EventType "tourn"]
[EventCountry "POL"]
[SourceTitle "playchess.com"]
[Source "ChessBase"]
[SourceQuality "1"]
[TimeControl "40/5400+30:900+30"]

1. d4 {[%emt 0:00:04]} Nf6 {[%emt 0:00:00]} 2. c4 {[%emt 0:00:24]} e6 {[%emt 0:00:00]} 3. Nc3 {[%emt 0:01:14]} d5 {[%emt 0:00:16]} 4. Bg5 {[%emt 0:00:41]} Be7 {[%emt 0:00:47]} 5. e3 {[%emt 0:00:57]} O-O {[%emt 0:00:53]} 6. Nf3 {[%emt 0:01:48]} h6 {[%emt 0:00:25]} 7. Bh4 {[%emt 0:04:42]} b6 {[%emt 0:03:15]} 8. Be2 {[%emt 0:03:33]} Bb7 {[%emt 0:04:24]} 9. Bxf6 {[%emt 0:00:23]} Bxf6 {[%emt 0:00:11]} 10. cxd5 {[%emt 0:00:06]} exd5 {[%emt 0:00:05]} 11. b4 {[%emt 0:00:14]} c6 {[%emt 0:00:18]} 12. O-O {[%emt 0:00:25]} 1/2-1/2

[Event "Szczawno Festival IM 2018"]
[Site "Szczawno"]
[Date "2018.12.15"]
[Round "2"]
[White "Kislinsky, Alexey"]
[Black "Pacan-Milej, Kosma"]
[Result "1-0"]
[WhiteElo "2425"]
[BlackElo "2334"]
[Annotator "TA"]
[PlyCount "81"]
[EventDate "2018.12.14"]
[EventType "tourn"]
[EventCountry "POL"]
[SourceTitle "playchess.com"]
[Source "ChessBase"]
[SourceQuality "1"]

{[%evp 14,81,-20,-33,-35,-35,0,0,0,0,-8,-18,-10,-25,-29,-31,-26,-36,0,-35,-21,-81,-75,-73,-72,-74,-75,-65,-58,-120,-16,-56,-28,0,0,-13,0,0,0,0,0,0,0,0,122,141,242,0,0,0,311,313,389,398,364,269,257,153,264,204,29984,29985,29985,29986,29988,29989,29991,29992,29997,29998]} 1. c4 Nf6 2. Nc3 c5 3. g3 e6 4. Bg2 d5 5. Nf3 d4 6. Na4 {A34: Symmetrical English: 2 Nc3, lines with ...d5} Nc6 7. O-O e5 (7... Be7 8. d3 h6 9. a3 O-O 10. Bd2 Rb8 11. b4 cxb4 12. axb4 b5 13. cxb5 Rxb5 {1-0 (46) Chatalbashev,B (2527)-Solodovnichenko,Y (2554) Vilnius 2018}) 8. d3 {LiveBook: 6 Games. The position is equal.} Bd6 9. a3 {[%cal Ba2a3,Ba3b4][%mdl 32]} h6 10. b4 cxb4 11. c5 $146 ({Predecessor:} 11. axb4 Bxb4 12. Qb3 a5 13. Ne1 O-O {½-½ (76) Telljohann,S (2406)-Cordes,H (2291) Germany 2002}) 11... Bc7 12. axb4 a6 13. Ba3 O-O 14. Nd2 Be6 15. Nc4 Nd5 16. Qd2 Re8 17. Nd6 (17. Rfd1 $11 {remains equal.}) 17... Bxd6 $17 18. cxd6 b5 19. Rfc1 Qxd6 20. Nc5 Rec8 21. Rc2 (21. e3 $15) 21... Nce7 (21... Nc3 $17 {Strongly threatening ...a5.} 22. Rcc1 Bd5) 22. Bb2 Rc6 23. e3 dxe3 24. fxe3 Rac8 25. Rcc1 f6 26. d4 exd4 27. Bxd4 Bf7 28. Rd1 R6c7 (28... Bh5 $11) 29. Rxa6 $16 Qd8 {[#]} (29... Rc6 $16) 30. Bb2 $2 ({Not} 30. e4 Nxb4 31. Ne6 (31. Qxb4 Rxc5 32. Qb1 R5c6 $17) 31... Bxe6 $15) (30. Bxf6 $1 $18 {[%mdl 512]} Qe8 (30... Nxf6 31. Qxd8+) 31. Bxg7 (31. Bxd5 Nxd5 32. Bd4 Ne7 $16) 31... Kxg7 32. Qb2+ (32. Bxd5 Bxd5 33. e4 Bc6 $16) 32... Kh7 33. Be4+ Bg6 34. Bxg6+ {[%mdl 64] Overworked Piece} (34. Bxd5 Nxd5 35. Rxd5 Qxe3+ 36. Qf2 Qc1+ 37. Kg2 Rf7 $16) (34. Rxd5 Bxe4 35. Rdd6 Bg6 $15) 34... Nxg6 35. Rxd5 Qxe3+ 36. Qf2 Qxf2+ 37. Kxf2) 30... Qe8 $1 $11 31. Bh3 Ra8 $2 {[%mdl 8192]} (31... Rd8 $11 {and Black stays safe.}) 32. Rd6 $18 Rca7 33. e4 Nc7 34. Rd7 Na6 35. Qd6 (35. Rxa7 $18 Rxa7 36. Ra1) 35... Nc8 (35... Nxb4 $16 36. Rxa7 Rxa7) 36. Qf4 {And now Rd8 would win.} Rxd7 $2 (36... Ne7 $18 37. Rxa7 Rxa7) 37. Nxd7 {White mates.} Qe7 {[#]} 38. Nxf6+ $1 {[%mdl 512]} gxf6 39. Bxf6 Qa7+ 40. Kh1 Ne7 41. Qxh6 {Accuracy: White = 52%, Black = 40%.} 1-0

[Event "Szczawno Festival IM 2018"]
[Site "Szczawno"]
[Date "2018.12.15"]
[Round "2"]
[White "Karpus, Michal"]
[Black "Fus, Jakub"]
[Result "1/2-1/2"]
[WhiteElo "2355"]
[BlackElo "2265"]
[Annotator "NA"]
[PlyCount "69"]
[EventDate "2018.12.14"]
[EventType "tourn"]
[EventCountry "POL"]
[SourceTitle "playchess.com"]
[Source "ChessBase"]
[SourceQuality "1"]
[TimeControl "40/5400+30:900+30"]

1. e4 {[%emt 0:00:00]} e5 {[%emt 0:00:00]} 2. Nf3 {[%emt 0:00:00]} Nc6 {[%emt 0:00:02]} 3. Bb5 {[%emt 0:00:00]} a6 {[%emt 0:00:15]} 4. Ba4 {[%emt 0:00:10]} Nf6 {[%emt 0:00:16]} 5. O-O {[%emt 0:00:11]} Be7 {[%emt 0:00:12]} 6. Re1 {[%emt 0:00:15]} b5 {[%emt 0:00:22]} 7. Bb3 {[%emt 0:00:11]} O-O {[%emt 0:00:13]} 8. d4 {[%emt 0:02:39]} d6 {[%emt 0:01:19]} 9. c3 {[%emt 0:00:33]} Bg4 {[%emt 0:00:09]} 10. Be3 {[%emt 0:00:15]} Bh5 {[%emt 0:00:13]} 11. h3 {[%emt 0:01:34] C91: Closed Ruy Lopez: 7...d6 8 c3 0-0 9 d4} exd4 {[%emt 0:00:31]} (11... a5 12. a4 exd4 13. Bxd4 b4 14. Nbd2 Rb8 15. Rc1 Nd7 16. Qc2 bxc3 17. bxc3 Nce5 18. Nxe5 dxe5 {½-½ (33) Grandelius,N (2651)-Morozevich,A (2665) Malmo 2018}) 12. cxd4 {[%emt 0:00:10]} Na5 {[%emt 0:00:45]} 13. Bc2 {[%emt 0:00:37]} Nc4 {[%emt 0:00:29] LiveBook: 41 Games} 14. Bc1 {[%emt 0:00:52]} d5 {[%emt 0:00:29]} 15. e5 {[%emt 0:01:34]} Ne4 {[%emt 0:00:19]} 16. a4 {[%emt 0:07:47]} c5 $146 {[%emt 0:21:31]} ({Predecessor:} 16... f5 17. Qd3 c6 18. b3 Nb6 19. axb5 axb5 20. Rxa8 Nxa8 {0-1 (51) Ocampo,R-Hase,J Mar del Plata 1968}) 17. b3 {[%emt 0:06:00] [#]} (17. Nc3 $11 Nxc3 18. bxc3) 17... Na5 $1 {[%emt 0:05:09]} 18. dxc5 {[%emt 0:15:43]} Bxc5 {[%emt 0:01:01]} 19. Be3 {[%emt 0:01:10]} Bb4 {[%emt 0:12:20]} 20. Rf1 {[%emt 0:04:41]} Rc8 {[%emt 0:13:22]} 21. axb5 {[%emt 0:07:12]} axb5 {[%emt 0:00:54]} 22. Bd3 {[%emt 0:08:47]} d4 {[%emt 0:08:20]} 23. Bxd4 {[%emt 0:06:05] [#]} Bxf3 $2 {[%emt 0:05:55]} (23... Ng5 $1 $19 24. Be3 Nxf3+ 25. gxf3 Qh4) 24. Qxf3 {[%emt 0:00:29]} Qxd4 {[%emt 0:00:06]} 25. Qxe4 {[%emt 0:00:17]} Qxe4 {[%emt 0:00:12]} 26. Bxe4 {[%emt 0:00:10]} Nxb3 {[%emt 0:00:44]} 27. Ra2 {[%emt 0:02:24]} Nd4 {[%emt 0:02:56]} 28. f4 {[%emt 0:10:59]} Rfd8 {[%emt 0:05:32]} 29. Kh1 {[%emt 0:03:10]} Bf8 {[%emt 0:04:26]} 30. Nd2 {[%emt 0:01:49]} Ne2 {[%emt 0:01:49]} 31. Rf3 {[%emt 0:05:49]} Nc3 {[%emt 0:07:46]} ({Black should play} 31... Bb4 $17 32. Nf1 Nd4) 32. Rc2 {[%emt 0:01:14]} Nxe4 {[%emt 0:02:07]} 33. Rxc8 {[%emt 0:00:39]} Rxc8 {[%emt 0:01:58]} ({Of course not} 33... Rxd2 $6 34. Ra3 $16) 34. Nxe4 {[%emt 0:00:08]} Rc4 {[%emt 0:00:23]} 35. Nd2 $11 {[%emt 0:02:35]} 1/2-1/2

[Event "Szczawno Festival IM 2018"]
[Site "Szczawno"]
[Date "2018.12.15"]
[Round "2"]
[White "Krzywda, Andrzej"]
[Black "Chylewski, Patryk"]
[Result "0-1"]
[WhiteElo "2178"]
[BlackElo "2268"]
[Annotator "NA"]
[PlyCount "114"]
[EventDate "2018.12.14"]
[EventType "tourn"]
[EventCountry "POL"]
[SourceTitle "playchess.com"]
[Source "ChessBase"]
[SourceQuality "1"]
[TimeControl "40/5400+30:900+30"]

1. d4 {[%emt 0:00:00]} d5 {[%emt 0:00:00]} 2. c4 {[%emt 0:00:00]} e6 {[%emt 0:00:00]} 3. Nf3 {[%emt 0:00:00]} Nf6 {[%emt 0:00:54]} 4. g3 {[%emt 0:00:08]} Bb4+ {[%emt 0:00:15] LiveBook: 4993 Games} 5. Nbd2 {[%emt 0:00:34]} dxc4 {[%emt 0:00:57]} 6. Bg2 {[%emt 0:00:48]} b5 {[%emt 0:07:27] E04: Open Catalan: 5 Nf3} 7. O-O {[%emt 0:01:15]} O-O {[%emt 0:09:16]} 8. a4 {[%emt 0:01:12]} c6 {[%emt 0:02:11]} 9. Ne1 {[%emt 0:01:20]} Nd5 {[%emt 0:03:50]} 10. Nc2 {[%emt 0:01:11]} (10. e4 Nb6 11. a5 N6d7 12. e5 Bb7 13. Ne4 Na6 14. Bg5 {½-½ (44) Wang,H (2709)-Ding,L (2777) Huaian 2017}) 10... Be7 {[%emt 0:02:15]} 11. e4 {[%emt 0:03:37]} Nf6 {[%emt 0:02:55]} 12. g4 {[%emt 0:07:34]} Bb7 $146 {[%emt 0:04:28]} ({Predecessor:} 12... a5 13. g5 Ne8 14. e5 {1-0 (32) Percze,J (2543)-Schueppen,H (2422) ICCF email 2012}) 13. g5 {[%emt 0:05:54]} Nfd7 {[%emt 0:00:53]} 14. e5 {[%emt 0:01:00]} a6 {[%emt 0:12:01]} 15. Ne4 {[%emt 0:05:56]} Nb6 {[%emt 0:09:05]} 16. Qh5 {[%emt 0:08:16]} N8d7 {[%emt 0:10:38]} 17. Ne3 {[%emt 0:13:00]} Nd5 {[%emt 0:06:51]} 18. Ng4 {[%emt 0:01:29]} Kh8 $1 {[%emt 0:06:26]} 19. f4 {[%emt 0:11:31]} Qe8 {[%emt 0:03:33]} 20. Qh4 {[%emt 0:25:21]} Rg8 {[%emt 0:06:11]} 21. f5 {[%emt 0:05:53]} exf5 {[%emt 0:02:21]} 22. Rxf5 {[%emt 0:00:01]} Nf8 {[%emt 0:06:54]} 23. Rf3 {[%emt 0:01:00]} b4 {[%emt 0:00:51]} 24. Bd2 {[%emt 0:02:43]} Bc8 {[%emt 0:00:38]} 25. Raf1 {[%emt 0:00:23]} Be6 {[%emt 0:00:19]} 26. Kh1 {[%emt 0:00:51]} Qd7 {[%emt 0:00:51]} 27. Ne3 {[%emt 0:01:51]} Ng6 {[%emt 0:00:46]} 28. Qg3 {[%emt 0:00:19]} Nxe3 {[%emt 0:00:10]} 29. Bxe3 {[%emt 0:00:11]} Rab8 {[%emt 0:00:53]} 30. h4 {[%emt 0:00:23]} Bf8 {[%emt 0:00:32]} 31. h5 {[%emt 0:00:14]} Ne7 {[%emt 0:00:37]} 32. Nd6 {[%emt 0:00:19]} Nd5 {[%emt 0:00:26]} 33. Rxf7 {[%emt 0:00:57]} Qd8 {[%emt 0:00:32]} 34. R7f2 {[%emt 0:01:06]} Bxd6 {[%emt 0:00:21]} 35. exd6 {[%emt 0:00:02]} Nxe3 {[%emt 0:00:10]} 36. Qxe3 $17 {[%emt 0:00:12]} Qxd6 {[%emt 0:00:05]} 37. Kg1 {[%emt 0:01:23]} Bd5 {[%emt 0:00:22]} 38. Qe5 {[%emt 0:00:32]} Qxe5 {[%emt 0:00:41]} 39. dxe5 {[%emt 0:00:01]} Rbe8 {[%emt 0:00:41]} 40. Re1 {[%emt 0:00:00]} Re7 {[%emt 0:00:00]} 41. Rf4 {[%emt 0:07:07]} Rge8 {[%emt 0:04:18]} 42. Bf1 {[%emt 0:05:21]} Kg8 {[%emt 0:02:17]} 43. Bxc4 {[%emt 0:01:52]} Bxc4 {[%emt 0:00:37]} 44. Rxc4 {[%emt 0:00:02]} Rxe5 {[%emt 0:00:09]} 45. Rxe5 {[%emt 0:00:57]} Rxe5 {[%emt 0:00:03]} 46. Rg4 {[%emt 0:02:53]} c5 {[%emt 0:02:12]} 47. Kf2 {[%emt 0:00:05]} Kf7 {[%emt 0:00:24]} 48. Kf3 {[%emt 0:01:29]} Ke6 {[%emt 0:01:24]} 49. b3 {[%emt 0:00:41]} Kd5 {[%emt 0:02:08]} 50. a5 {[%emt 0:00:06]} Re1 {[%emt 0:02:38]} 51. g6 {[%emt 0:00:56]} h6 {[%emt 0:01:16]} 52. Kg2 {[%emt 0:00:32]} Re4 {[%emt 0:00:56]} 53. Rg3 {[%emt 0:00:21]} c4 {[%emt 0:00:11]} 54. bxc4+ {[%emt 0:00:20]} Kxc4 {[%emt 0:00:18]} 55. Kf3 {[%emt 0:00:39]} Re5 {[%emt 0:00:28]} 56. Kf4 {[%emt 0:00:35]} Rxh5 {[%emt 0:01:01]} 57. Ke4 {[%emt 0:00:10]} Rg5 {[%emt 0:00:30] Kd4+} 0-1